Evaluación diagnóstica de las capacidades ma-parentales : (Registro nro. 5885)
[ vista simple ]
| 000 -LEADER | |
|---|---|
| fixed length control field | 01343nab a22002057a 4500 |
| 003 - CONTROL NUMBER IDENTIFIER | |
| control field | OSt |
| 005 - DATE AND TIME OF LATEST TRANSACTION | |
| control field | 20260109030152.0 |
| 008 - FIXED-LENGTH DATA ELEMENTS--GENERAL INFORMATION | |
| fixed length control field | 190514b xxu||||| |||| 00| 0 spa d |
| 040 ## - CATALOGING SOURCE | |
| Transcribing agency | PJ |
| 100 ## - MAIN ENTRY--PERSONAL NAME | |
| 9 (RLIN) | 6297 |
| Personal name | Rodríguez, María Laura |
| 245 13 - TITLE STATEMENT | |
| Title | Evaluación diagnóstica de las capacidades ma-parentales : |
| Remainder of title | contribuciones desde el trabajo social forense / |
| Statement of responsibility, etc | María Laura Rodríguez. |
| 300 ## - PHYSICAL DESCRIPTION | |
| Extent | p. 166-174 |
| 505 ## - FORMATTED CONTENTS NOTE | |
| Formatted contents note | Sumario: I. Introducción.— II. Una aproximación a la definición de capacidades ma-parentales.— III. De la familia nuclear a la pluralidad familiar. Contexto socioeconómico.— IV. El ejercicio del rol de cuidado con perspectiva de género.— V. El lugar de lxs niñxs y adolescentes en la sociedad.— VI. Pensar las capacidades ma-parentales desde la interseccionalidad.— VII. Proceso metodológico para la evaluación de las capacidades ma-parentales.— VIII. Dimensiones para la evaluación de las capacidades ma-parentales.— IX. Algunas palabras finales. |
| 505 ## - FORMATTED CONTENTS NOTE | |
| Title | Si te interesa el texto, comunicate a koha@justierradelfuego.gov.ar |
| 650 #0 - SUBJECT ADDED ENTRY--TOPICAL TERM | |
| 9 (RLIN) | 967 |
| Topical term or geographic name as entry element | DERECHO DE FAMILIA |
| 650 #0 - SUBJECT ADDED ENTRY--TOPICAL TERM | |
| 9 (RLIN) | 470 |
| Topical term or geographic name as entry element | RELACIONES DE FAMILIA |
| 650 #0 - SUBJECT ADDED ENTRY--TOPICAL TERM | |
| 9 (RLIN) | 4044 |
| Topical term or geographic name as entry element | PERSPECTIVA DE GÉNERO |
| 773 0# - HOST ITEM ENTRY | |
| Host Biblionumber | 2844 |
| Host Itemnumber | 3222 |
| Place, publisher, and date of publication | Buenos Aires : AbeledoPerrot, 1989- |
| Title | Derecho de familia. N° 121 - Septiembre 2025 |
| International Standard Book Number | 18511201 |
| 942 ## - ADDED ENTRY ELEMENTS (KOHA) | |
| Source of classification or shelving scheme | |
| Koha item type | Analítica Artículo de Revista |
No hay ítems disponibles.
